000 00333 a2200145 4500
001 163527
020 _a
040 _cMagnum
100 _aMurad, Jose Elias
240 1 0 _aComo enfrentar o abuso de drogas
_lpor
245 1 0 _aComo enfrentar o abuso de drogas
362 0 _a1899
697 _aCIENCIAS MEDICAS SAUDE
942 _cBK
999 _c163527
_d163527